|
|
|
|
| LEADER |
00000nam0a2200000 4500 |
| 001 |
299953 |
| 005 |
20231102001244.0 |
| 035 |
|
|
|a (RuTPU)RU\TPU\book\325106
|
| 090 |
|
|
|a 299953
|
| 100 |
|
|
|a 20150706d1982 km y0rusy50 ca
|
| 101 |
0 |
|
|a rus
|
| 102 |
|
|
|a LV
|
| 105 |
|
|
|a a z 001zy
|
| 200 |
1 |
|
|a С. А. Гиллер : Жизнь и научная деятельность
|e сборник статей
|f Академия наук Латвийской ССР (АН ЛатССР), Институт органического синтеза (ИОС) ; сост. Я. П. Страдынь
|
| 210 |
|
|
|a Рига
|c Зинатне
|d 1982
|
| 215 |
|
|
|a 392 с.
|c ил.
|
| 320 |
|
|
|a Библиография в конце глав
|
| 606 |
1 |
|
|a Химики
|x Персоналии
|2 stltpush
|3 (RuTPU)RU\TPU\subj\69968
|9 84576
|
| 610 |
1 |
|
|a Латвийская ССР
|
| 610 |
1 |
|
|a химическая наука
|
| 610 |
1 |
|
|a история
|
| 610 |
1 |
|
|a институты
|
| 610 |
1 |
|
|a ученые
|
| 610 |
1 |
|
|a жизнь
|
| 610 |
1 |
|
|a научная деятельность
|
| 675 |
|
|
|a 54(092)
|v 3
|
| 702 |
|
1 |
|a Страдынь
|b Я. П.
|g Ян Павлович
|4 220
|
| 712 |
0 |
2 |
|a Академия наук Латвийской ССР (АН ЛатССР)
|b Институт органического синтеза (ИОС)
|2 stltpush
|3 (RuTPU)RU\TPU\col\12433
|
| 801 |
|
1 |
|a RU
|b 63413507
|c 20150706
|
| 801 |
|
2 |
|a RU
|b 63413507
|c 20171006
|g RCR
|
| 942 |
|
|
|c BK
|